000 00292nam a22001337a 4500
008 170809b xxu||||| |||| 00| 0 eng d
020 _a9780077464448
041 _aeng
080 _a004
100 _a35
101 _aSHKI
245 _aWHO IS YOUR STUDENT?
_cGRAVES, P.J
942 _2udc
_cBK
999 _c22990
_d22990